Ani zlato negarantuje zlatú budúcnosť Nové typy fondov obchodovaných na burzách

Asi pred 12 rokmi sa objavili nové burzové fondy (exchange-traded funds - ETF), ktoré majú vo svojich portfóliách len cenné papiere. Denné sledovanie portfólia burzového fondu. Depozitné certifikáty holdingovej spoločnosti - HOLDR. Fondy komodít - zlaté burzové fondy. Výhody a nevýhody burzových fo...

ver descrição completa

Na minha lista:
Detalhes bibliográficos
Autor principal: Bačišin, Vladimír
Formato: Capítulo de Livro
Idioma:eslovaco
Assuntos:
Tags: Adicionar Tag
Sem tags, seja o primeiro a adicionar uma tag!

MARC

LEADER 00000naa$a2200000$$$4500
001 0028579
005 20231009070509.2
041 0 |a slo 
044 |a SK 
245 1 0 |a Ani zlato negarantuje zlatú budúcnosť  |b Nové typy fondov obchodovaných na burzách  |c Vladimír Bačišin 
520 |a Asi pred 12 rokmi sa objavili nové burzové fondy (exchange-traded funds - ETF), ktoré majú vo svojich portfóliách len cenné papiere. Denné sledovanie portfólia burzového fondu. Depozitné certifikáty holdingovej spoločnosti - HOLDR. Fondy komodít - zlaté burzové fondy. Výhody a nevýhody burzových fondov. V súčasnosti - rast burzových fondov spomalený. 
610 2 0 |a financie 
610 2 0 |a investície 
610 2 0 |a trh kapitálový 
610 2 0 |a burzovníctvo 
610 2 0 |a fondy akciové 
610 2 0 |a papiere cenné 
610 2 0 |a indexy burzové 
610 2 0 |a komodity 
610 2 0 |a zlato 
100 1 |a Bačišin, Vladimír